Statystyki dla Państwa Świata od Najmniejszego do Największego

Kliknij tutaj aby rozwiązać quiz!

Ogólne statystyki

  • Ten quiz został rozwiązany 106 razy
    (86 od ostatniego zresetowania)
  • Średni wynik to 10 z 196

Statystyki odpowiedzi

WskazówkaOdpowiedź% Poprawnych
825 MieszkańcówWatykan
95%
1 412 000 000 MieszkańcówChiny
54%
10 873 MieszkańcówNauru
49%
1 393 000 000 MieszkańcówIndie
39%
11 925 MieszkańcówTuvalu
39%
18 174 MieszkańcówPalau
31%
331 900 000 MieszkańcówStany Zjednoczone
31%
34 010 MieszkańcówSan Marino
29%
276 400 000 MieszkańcówIndonezja
22%
38 254 MieszkańcówLiechtenstein
22%
39 520 MieszkańcówMonako
22%
37 780 000 MieszkańcówPolska
22%
214 000 000 MieszkańcówBrazylia
20%
225 200 000 MieszkańcówPakistan
19%
211 400 000 MieszkańcówNigeria
17%
143 400 000 MieszkańcówRosja
17%
53 546 MieszkańcówSaint Kitts i Nevis
17%
130 300 000 MieszkańcówMeksyk
15%
125 700 000 MieszkańcówJaponia
14%
59 618 MieszkańcówWyspy Marshalla
14%
77 354 MieszkańcówAndora
12%
72 172 MieszkańcówDominika
12%
104 300 000 MieszkańcówEgipt
12%
166 300 000 MieszkańcówBangladesz
10%
83 130 000 MieszkańcówNiemcy
10%
43 810 000 MieszkańcówUkraina
10%
92 380 000 MieszkańcówDemokratyczna Republika Konga
8%
112 000 000 MieszkańcówFilipiny
8%
67 500 000 MieszkańcówFrancja
8%
184 401 MieszkańcówSaint Lucia
8%
111 269 MieszkańcówSaint Vincent i Grenadyny
8%
106 759 MieszkańcówTonga
8%
98 728 MieszkańcówAntigua i Barbuda
7%
45 810 000 MieszkańcówArgentyna
7%
287 708 MieszkańcówBarbados
7%
117 900 000 MieszkańcówEtiopia
7%
108 000 MieszkańcówGrenada
7%
372 295 MieszkańcówIslandia
7%
121 388 MieszkańcówKiribati
7%
116 255 MieszkańcówMikronezja
7%
200 144 MieszkańcówSamoa
7%
69 995 000 MieszkańcówTajlandia
7%
314 464 MieszkańcówVanuatu
7%
67 330 000 MieszkańcówWielka Brytania
7%
98 170 000 MieszkańcówWietnam
7%
44 620 000 MieszkańcówAlgieria
5%
396 914 MieszkańcówBahamy
5%
10 700 000 MieszkańcówCzechy
5%
47 330 000 MieszkańcówHiszpania
5%
85 030 000 MieszkańcówIran
5%
38 250 000 MieszkańcówKanada
5%
51 270 000 MieszkańcówKolumbia
5%
51 740 000 MieszkańcówKorea Południowa
5%
639 070 MieszkańcówLuksemburg
5%
516 869 MieszkańcówMalta
5%
37 340 000 MieszkańcówMaroko
5%
60 040 000 MieszkańcówRepublika Południowej Afryki
5%
99 202 MieszkańcówSeszele
5%
44 910 000 MieszkańcówSudan
5%
85 040 000 MieszkańcówTurcja
5%
59 070 000 MieszkańcówWłochy
5%
703 995 MieszkańcówWyspy Salomona
5%
223 364 MieszkańcówWyspy Świętego Tomasza i Książęca
5%
2 812 000 MieszkańcówAlbania
3%
404 915 MieszkańcówBelize
3%
11 830 000 MieszkańcówBoliwia
3%
1 216 000 MieszkańcówCypr
3%
620 173 MieszkańcówCzarnogóra
3%
1 002 000 MieszkańcówDżibuti
3%
1 329 000 MieszkańcówEstonia
3%
17 740 000 MieszkańcówHolandia
3%
41 180 000 MieszkańcówIrak
3%
888 456 MieszkańcówKomory
3%
25 890 000 MieszkańcówKorea Północna
3%
1 873 000 MieszkańcówKosowo
3%
543 620 MieszkańcówMalediwy
3%
54 810 000 MieszkańcówMjanma
3%
2 107 000 MieszkańcówSłowenia
3%
10 420 000 MieszkańcówSzwecja
3%
61 500 000 MieszkańcówTanzania
3%
39 840 000 MieszkańcówAfganistan
2%
2 968 000 MieszkańcówArmenia
2%
25 740 000 MieszkańcówAustralia
2%
8 956 000 MieszkańcówAustria
2%
10 150 000 MieszkańcówAzerbejdżan
2%
11 590 000 MieszkańcówBelgia
2%
779 900 MieszkańcówBhutan
2%
9 340 000 MieszkańcówBiałoruś
2%
3 263 000 MieszkańcówBośnia i Hercegowina
2%
441 532 MieszkańcówBrunei
2%
6 899 000 MieszkańcówBułgaria
2%
3 899 000 MieszkańcówChorwacja
2%
10 950 000 MieszkańcówDominikana
2%
17 890 000 MieszkańcówEkwador
2%
1 172 000 MieszkańcówEswatini
2%
902 899 MieszkańcówFidżi
2%
10 660 000 MieszkańcówGrecja
2%
790 329 MieszkańcówGujana
2%
2 973 000 MieszkańcówJamajka
2%
19 000 000 MieszkańcówKazachstan
2%
54 990 000 MieszkańcówKenia
2%
6 694 000 MieszkańcówKirgistan
2%
2 795 000 MieszkańcówLitwa
2%
1 883 000 MieszkańcówŁotwa
2%
2 065 000 MieszkańcówMacedonia Północna
2%
1 266 000 MieszkańcówMauritius
2%
3 329 000 MieszkańcówMongolia
2%
29 670 000 MieszkańcówNepal
2%
33 360 000 MieszkańcówPeru
2%
561 901 MieszkańcówRepublika Zielonego Przylądka
2%
19 120 000 MieszkańcówRumunia
2%
6 844 000 MieszkańcówSerbia
2%
5 454 000 MieszkańcówSingapur
2%
5 447 000 MieszkańcówSłowacja
2%
591 798 MieszkańcówSurinam
2%
1 403 000 MieszkańcówTrynidad i Tobago
2%
11 940 000 MieszkańcówTunezja
2%
47 120 000 MieszkańcówUganda
2%
34 920 000 MieszkańcówUzbekistan
2%
9 710 000 MieszkańcówWęgry
2%
28 700 000 MieszkańcówWenezuela
2%
33 930 000 MieszkańcówAngola
0%
35 340 000 MieszkańcówArabia Saudyjska
0%
1 748 000 MieszkańcówBahrajn
0%
12 450 000 MieszkańcówBenin
0%
2 397 000 MieszkańcówBotswana
0%
21 500 000 MieszkańcówBurkina Faso
0%
12 260 000 MieszkańcówBurundi
0%
19 210 000 MieszkańcówChile
0%
16 910 000 MieszkańcówCzad
0%
5 857 000 MieszkańcówDania
0%
6 081 000 MieszkańcówErytrea
0%
5 542 000 MieszkańcówFinlandia
0%
2 279 000 MieszkańcówGabon
0%
2 487 000 MieszkańcówGambia
0%
31 730 000 MieszkańcówGhana
0%
3 709 000 MieszkańcówGruzja
0%
17 110 000 MieszkańcówGwatemala
0%
13 500 000 MieszkańcówGwinea
0%
2 015 000 MieszkańcówGwinea Bissau
0%
1 450 000 MieszkańcówGwinea Równikowa
0%
11 540 000 MieszkańcówHaiti
0%
10 060 000 MieszkańcówHonduras
0%
5 028 000 MieszkańcówIrlandia
0%
9 364 000 MieszkańcówIzrael
0%
30 490 000 MieszkańcówJemen
0%
10 270 000 MieszkańcówJordania
0%
16 950 000 MieszkańcówKambodża
0%
27 220 000 MieszkańcówKamerun
0%
2 931 000 MieszkańcówKatar
0%
5 657 000 MieszkańcówKongo
0%
5 139 000 MieszkańcówKostaryka
0%
11 320 000 MieszkańcówKuba
0%
4 329 000 MieszkańcówKuwejt
0%
7 379 000 MieszkańcówLaos
0%
2 159 000 MieszkańcówLesotho
0%
6 769 000 MieszkańcówLiban
0%
5 180 000 MieszkańcówLiberia
0%
6 959 000 MieszkańcówLibia
0%
28 430 000 MieszkańcówMadagaskar
0%
19 650 000 MieszkańcówMalawi
0%
32 780 000 MieszkańcówMalezja
0%
20 860 000 MieszkańcówMali
0%
4 775 000 MieszkańcówMauretania
0%
2 574 000 MieszkańcówMołdawia
0%
32 160 000 MieszkańcówMozambik
0%
2 587 000 MieszkańcówNamibia
0%
25 130 000 MieszkańcówNiger
0%
6 702 000 MieszkańcówNikaragua
0%
5 408 000 MieszkańcówNorwegia
0%
5 123 000 MieszkańcówNowa Zelandia
0%
5 223 000 MieszkańcówOman
0%
4 382 000 MieszkańcówPanama
0%
9 119 000 MieszkańcówPapua-Nowa Gwinea
0%
7 220 000 MieszkańcówParagwaj
0%
10 300 000 MieszkańcówPortugalia
0%
4 920 000 MieszkańcówRepublika Środkowoafrykańska
0%
13 280 000 MieszkańcówRwanda
0%
6 518 000 MieszkańcówSalwador
0%
17 200 000 MieszkańcówSenegal
0%
8 141 000 MieszkańcówSierra Leone
0%
16 360 000 MieszkańcówSomalia
0%
22 160 000 MieszkańcówSri Lanka
0%
11 380 000 MieszkańcówSudan Południowy
0%
18 280 000 MieszkańcówSyria
0%
8 698 000 MieszkańcówSzwajcaria
0%
9 750 000 MieszkańcówTadżykistan
0%
23 570 000 MieszkańcówTajwan
0%
1 344 000 MieszkańcówTimor Wschodni
0%
8 478 000 MieszkańcówTogo
0%
6 118 000 MieszkańcówTurkmenistan
0%
3 485 000 MieszkańcówUrugwaj
0%
27 050 000 MieszkańcówWybrzeże Kości Słoniowej
0%
18 920 000 MieszkańcówZambia
0%
15 090 000 MieszkańcówZimbabwe
0%
9 991 000 MieszkańcówZjednoczone Emiraty Arabskie
0%

Rozkład punktacji

Percentyl według liczby udzielonych odpowiedzi

Procent ludzi z każdym wynikiem

Twoja historia wyników

Nie rozwiązałeś tego quizu od ostatniego zresetowania